=LDR 00000nam 2200000 4500 =001 INLIS000000000031617 =005 20130612133659 =008 ***********************************ind** =035 ##$$0010-061300000031617 =041 ##$$a ind =082 ##$$a F Rom K =090 ##$$a F Rom K, Akb, s =100 ##$$a AKBAR,Rasyid =245 ##$$a Sang Juara Aru, Rasyid Akbar;Penyunting, Helmi =250 ##$$a Seri Pengantar Tidur. 6 =260 ##$$a 2008 $b Jakarta =650 ##$$a FIKSI ANAK_ANAK =700 ##$$a HELMI =850 ##$$a NBPNMAT